| 000 | 00586nam a2200205Ia 4500 | ||
|---|---|---|---|
| 005 | 20220127151333.0 | ||
| 008 | 210716s2015 xx 000 0 und d | ||
| 020 | _a9789351191001 | ||
| 040 | _cAIMIT LIBRARY | ||
| 041 | _aeng | ||
| 082 |
_a332.17 _21 _bBAPD |
||
| 100 |
_aBapat, Dhananjay. _914907 |
||
| 245 | _aMarketing of financial services / | ||
| 250 | _a1st ed. | ||
| 260 |
_aNew Delhi: _bBiztantra, _c2015. |
||
| 300 |
_axxxii,327p. _c23cm. |
||
| 650 |
_aMarketing Environment _914908 |
||
| 650 |
_aStrategic Marketing Planning _914909 |
||
| 942 |
_2ddc _cBK _e1st _k332.17 BAPD |
||
| 999 |
_c209536 _d209536 |
||